| 000 | 05359namaa22004211i 4500 | ||
|---|---|---|---|
| 003 | EG-GICUC | ||
| 005 | 20260415104831.0 | ||
| 008 | 260330s2025 |||||||frm||| 000 0 eng d | ||
| 040 |
_aEG-GICUC _beng _cEG-GICUC _dEG-GICUC _erda |
||
| 041 | 0 |
_aeng _beng _beng |
|
| 049 | _aDeposit | ||
| 082 | 0 | 4 | _a420.141 |
| 092 |
_a420.141 _221 |
||
| 097 | _aM.A | ||
| 099 | _aCai01.02.12.M.A.2025.So.T | ||
| 100 | 0 |
_aSohaila Saad Ahmad Abdelaziz, _epreparation. |
|
| 245 | 1 | 0 |
_aTrauma and the reshaping of culture : _ba study of the case of syria in selected literary narratives / _cby Sohaila Saad Ahmad Abdelaziz ; Supervision Prof. Sahar Sobhi Abdel-Hakim. |
| 246 | 1 | 5 |
_aأثر الصدمات النفسية علي التحولات الثقافية : _bدراسة في نصوص من الأدب السوري المكتوب بالإنجليزية |
| 264 | 0 | _c2025. | |
| 300 |
_a211 pages : _billustrations ; _c25 cm. + _eCD. |
||
| 336 |
_atext _2rda content |
||
| 337 |
_aUnmediated _2rdamedia |
||
| 338 |
_avolume _2rdacarrier |
||
| 502 | _aThesis (M.A)-Cairo University, 2025. | ||
| 504 | _aBibliography: pages 201-211. | ||
| 520 | 3 | _aThe Syrian revolution and the turmoil that the war caused exposed civilians to violent oppression and devastating events that involved death of loved ones, injuries, bombardments, and live prosecutions. These shocking experiences left their mark on the psyches of many of those civilians, which takes expression in the literature that came out narrating the experiences of the war. My Country: A Syrian Memoir (2018) by Kassem Eid, A Land of Permanent Goodbyes (2018) by Atia Abawi, and No Turning Back: Life, Loss, Hope in Wartime Syria (2018) by Rania Abouzeid are examples of literary works that draw attention to the psychological dilemma of the Syrians. This study aims to analyze the narratives of Syrian victims who lived through the horrifying experiences of the war as presented in the texts. This will be carried out by scrutinizing some characters in the three narratives. Utilizing Michelle Balaev’s “Trends of Literary Trauma Theory” and Laurie Vickroy’s “Voices of Survivors in Contemporary Fiction”, the study will investigate the effects of the trauma caused by witnessing the violence and atrocities of the war on the psychological state of the survivors and how this psychic evolution brought into question some of their main cultural concepts such as national belonging. By doing so, the thesis seeks to explore how a collective traumatic experience, like war, changes the psychological formation of individuals and can collectively re-shape a whole population and its cultural givens. | |
| 520 | 3 | _aتبحث هذه الدراسة في سرديات الضحايا السوريين الذين عايشوا فظائع الحرب من خلال ثلاث مؤلفات رئيسية: My Country: A Syrian Memoir لقاسم عيد، وA Land of Permanent Goodbyes لعطية العبوي، وNo Turning Back: Life, Loss and Hope in Wartime Syriaلرانيا أبو زيد. الهدف الأساسي هو تقييم أثر مشاهدة العنف والفظائع على الصحة النفسية لهؤلاء الأفراد، وكيف تحدّت هذه التجارب إحساسهم بالهوية وأفضت إلى تحولات ثقافية عميقة. لتحقيق ذلك، ينظم البحث حول ثلاثة أهداف محددة. أولاً، يتتبع الهوية الشخصية والاجتماعية لكل شخصية قبل النزاع وأثنائه وبعده، كاشفاً كيف أعادت تجارب الحرب تشكيل تصورهم لذواتهم وارتباطاتهم المجتمعية كما ورد في النصوص. ثانياً، يحلل العلاقة بين الشخصيات والأمكنة الرئيسة – المنازل والأحياء والمدن – التي شكّلت في السابق منظومات عالمهم، مستقصياً تأثير الصدمة على دلالات هذه الأماكن. ثالثاً، يستكشف الأكواد الاجتماعية والثقافية التي حكمت الحياة السورية قبل الحرب وبعدها، مقارناً معتقدات الشخصيات وسلوكياتهم في المرحلتين لرصد التحولات في النُظم الثقافية. من خلال مقارنة تصوّرات ما قبل وما بعد الصدمة في “بلدي: مذكرات سورية”، و”أرض الوداعات الدائمة”، و”لا عودة”، تكشف الأطروحة عن التغيرات الثقافية الناجمة عن التأثير النفسي للحرب. | |
| 530 | _aIssues also as CD. | ||
| 546 | _aText in English and abstract in Arabic & English. | ||
| 650 | 0 | _aEnglish Language and Literature | |
| 650 | 0 | _aاللغة الإنجليزية | |
| 653 | 1 |
_aSyrian War _aTrauma _aCultural changes _aPlace _aCultural values _aSyrian narratives _aWar Narratives _aSpace _aIdentity _aDislocation |
|
| 700 | 0 |
_aSahar Sobhi Abdel-Hakim _ethesis advisor. |
|
| 900 |
_b01-01-2025 _cSahar Sobhi Abdel-Hakim _UCairo University _FFaculty of Arts _DThe Department of English Language and Literature |
||
| 905 |
_aShimaa _eEman Ghareb |
||
| 942 |
_2ddc _cTH _e21 _n0 |
||
| 999 | _c179100 | ||